000 01243nam 22002653 4500
001 202846
010 _a978-972-47-4622-7
021 _aPT
_b378889/14
090 _a202846
100 _a20260702d u||y0pory50 ba
200 _aCaras e Coroas
_ereis e rainhas de Portugal para miúdos
_fJosé Jorge Letria
_gilustração Ricardo Cabral
205 _a
210 _aAlfragide
_cTexto Editores
_d2014
215 _a[45] p.
_cil. ; encadernado
_d29 cm
300 _aPlano Nacional de Leitura- Ler +
330 _aEmbarca nesta aventura contada em verso com a mestria de José Jorge Letria, e vem conhecer os feitos dos reis e rainhas que governaram Portugal desde o nascimento do reino até à implantação da República. De dinastia em dinastia, vais acompanhar o cronista através de episódios a que Ricardo Cabral dá cor e vida e ficar a saber ainda mais acerca da nossa História e dos feitos dos nossos governantes. Porque aprender é mesmo divertido!
606 _91574
_aHistória de Portugal
610 _aReis e rainhas de portugal
610 _aPoesia
675 _a94(469)
_vPT
_zpor
700 _91079
_aLetria
_bJosé Jorge
_f1951-
702 _917697
_aCabral
_bRicardo
801 _aPT
_bBMMN
_gRPC
830 _cIsabel
990 _cLIVROS